000 00371nam a22001697a 4500
003 CEME
005 20210628203041.0
008 210129b xxu||||| |||| 00| 0 eng d
020 _a322331
040 _c.
082 _a927 JOS
100 _aJosh Malih Abadi
_963028
245 _aYadoo ki barat
260 _aLAHORE
_bPDF
_c1975
300 _a780P
942 _cBK
_2ddc
999 _c571975
_d571975